<?xml version="1.0" encoding="UTF-8"?>
<marc:record xmlns:marc="http://www.loc.gov/MARC21/slim">
   <marc:leader>00000nam a2200000 a 4500</marc:leader>
   <marc:datafield ind1="1" ind2=" " tag="100">
      <marc:subfield code="a">Laybourne, Emmy</marc:subfield>
      <marc:subfield code="4">aut</marc:subfield>
      <marc:subfield code="e">Verfasser/-in</marc:subfield>
   </marc:datafield>
   <marc:datafield ind1="0" ind2="0" tag="245">
      <marc:subfield code="a">Monument 14</marc:subfield>
   </marc:datafield>
   <marc:datafield ind1="0" ind2="0" tag="245">
      <marc:subfield code="c">Emmy Laybourne. Aus dem Amerikan. von Ulrich Thiele</marc:subfield>
   </marc:datafield>
   <marc:datafield ind1=" " ind2="1" tag="264">
      <marc:subfield code="a">München</marc:subfield>
      <marc:subfield code="b">Heyne</marc:subfield>
      <marc:subfield code="c">2014</marc:subfield>
   </marc:datafield>
   <marc:datafield ind1="1" ind2=" " tag="520">
      <marc:subfield code="a">Angaben aus der Verlagsmeldung

Monument 14: Die Flucht (2) : Roman Sky on Fire / von Emmy Laybourne

Wenn die Zivilisation zusammenbricht, bist du ganz auf dich allein gestellt

Nachdem ein Tsunami die Ostküste der USA getroffen und weite Teile des Landes verwüstet hat, stranden vierzehn Jugendliche in einem Einkaufszentrum. Der Strom fällt aus, die Zivilisation bricht zusammen, und aus einer nahen Chemiefabrik entweicht eine gefährliche Giftwolke. Dann dringt das Gerücht durch, dass die Überlebenden von Denver aus ausgeflogen werden. Die Jugendlichen bestimmen eine Gesandtschaft, die sich nach Denver durchschlagen soll. Der Rest von ihnen bleibt zurück, darunter der eher schüchterne Dean, der sich früher immer aus allem herausgehalten hat. Als sie von einem gewalttätigen Einbrecher bedroht werden, muss Dean über sich selbst hinauswachsen ...

</marc:subfield>
   </marc:datafield>
   <marc:datafield ind1=" " ind2=" " tag="020">
      <marc:subfield code="a">9783453534551</marc:subfield>
      <marc:subfield code="9">9783453534551</marc:subfield>
   </marc:datafield>
   <marc:datafield ind1=" " ind2=" " tag="020">
      <marc:subfield code="a">3453534557</marc:subfield>
      <marc:subfield code="9">3453534557</marc:subfield>
   </marc:datafield>
   <marc:datafield ind1=" " ind2=" " tag="041">
      <marc:subfield code="a">ger</marc:subfield>
   </marc:datafield>
   <marc:datafield ind1=" " ind2=" " tag="300">
      <marc:subfield code="a">302 S.</marc:subfield>
   </marc:datafield>
</marc:record>
